[Event "Neumarkt am Wallersee op 17th"]
[Site "Neumarkt am Wallersee"]
[Date "2019.08.28"]
[Round "4.2"]
[White "Frank, Emanuel"]
[Black "Bergen, Klaus"]
[Result "1-0"]
[WhiteElo "2181"]
[BlackElo "1858"]
[PlyCount "51"]
[EventDate "2019.08.25"]
[EventType "swiss"]
[EventRounds "7"]
[EventCountry "AUT"]
[SourceTitle "EXT 2024"]
[Source "ChessBase"]
[SourceDate "2023.10.10"]
[SourceVersion "1"]
[SourceVersionDate "2023.10.10"]
[SourceQuality "1"]

1. d4 Nf6 2. c4 g6 3. Nc3 Bg7 4. e4 d6 5. Nf3 0-0 6. Be2 e5 7. d5 a5 8. Bg5 h6 9. Be3 Na6 10. Nd2 Nc5 11. a3 Ne8 12. b4 axb4 13. axb4 Rxa1 14. Qxa1 Na6 15. Qa3 f5 16. f3 Kh7 17. 0-0 Bf6 18. Rd1 f4 19. Bf2 Bh4 20. Bxh4 Qxh4 21. c5 Qe7 22. c6 Nc5 23. bxc5 dxc5 24. cxb7 Bxb7 25. Nb3 Nd6 26. Qxc5 1-0

[Event "Wch Seniors 65 28th"]
[Site "Bled"]
[Date "2018.11.18"]
[Round "1"]
[White "Bergen, Klaus"]
[Black "Kierzek, Matthias"]
[Result "0-1"]
[WhiteElo "1858"]
[BlackElo "2182"]
[PlyCount "106"]
[EventDate "2018.11.18"]
[EventType "swiss"]
[EventRounds "11"]
[EventCountry "SLO"]
[SourceTitle "CBM 187 Extra"]
[Source "ChessBase"]
[SourceDate "2018.11.04"]
[SourceVersion "1"]
[SourceVersionDate "2018.11.04"]
[SourceQuality "1"]

1. e4 c6 2. d4 d5 3. Nc3 dxe4 4. Nxe4 Bf5 5. Ng3 Bg6 6. Nf3 e6 7. Ne5 Nd7 8. Nxg6 hxg6 9. Ne4 Ngf6 10. Bd3 Nxe4 11. Bxe4 Nf6 12. Bf3 Bd6 13. h3 Bc7 14. c3 Qd6 15. Bg5 0-0-0 16. Qb3 Rd7 17. 0-0-0 Nd5 18. Rhe1 Bd8 19. Bxd8 Rhxd8 20. Bxd5 cxd5 21. Kb1 Rc7 22. Re3 Kb8 23. Rde1 Ka8 24. Re5 Rb8 25. g4 b5 26. a3 a5 27. Rc1 Rc4 28. Re3 Qc6 29. Ree1 Rb6 30. Qd1 b4 31. cxb4 axb4 32. Re3 Kb7 33. Rxc4 Qxc4 34. Qd3 bxa3 35. Qxa3 Qf1+ 36. Kc2 Qxf2+ 37. Kb1 Qf1+ 38. Kc2 Qc4+ 39. Rc3 Qb4 40. Qxb4 Rxb4 41. Rd3 Kc6 42. b3 f6 43. Kc3 Rb7 44. g5 e5 45. gxf6 gxf6 46. Rg3 exd4+ 47. Kxd4 Rb4+ 48. Kc3 Rh4 49. Rxg6 Rxh3+ 50. Kd4 Rh4+ 51. Ke3 Re4+ 52. Kf3 Re6 53. Kf4 Kc5 0-1

[Event "Liechtenstein op 32nd"]
[Site "Triesen"]
[Date "2014.05.31"]
[Round "9"]
[White "Rous, Daniel"]
[Black "Bergen, Klaus"]
[Result "1-0"]
[WhiteElo "2161"]
[BlackElo "1907"]
[PlyCount "85"]
[EventDate "2014.05.23"]
[EventType "swiss"]
[EventRounds "9"]
[EventCountry "LIE"]
[SourceTitle "CBM 160 Extra"]
[Source "ChessBase"]
[SourceDate "2014.07.01"]
[SourceVersion "1"]
[SourceVersionDate "2014.07.01"]
[SourceQuality "1"]

1. Nf3 Nf6 2. c4 g6 3. g3 Bg7 4. Bg2 d6 5. 0-0 0-0 6. Nc3 e5 7. d3 Nc6 8. Rb1 a5 9. a3 Ne8 10. Nd5 f5 11. b4 axb4 12. axb4 Nf6 13. Bg5 Ne7 14. Nxf6+ Bxf6 15. Bxf6 Rxf6 16. d4 e4 17. Ne1 c6 18. f3 exf3 19. Nxf3 Be6 20. Qd3 Kg7 21. Ra1 h6 22. Qc3 Ng8 23. Nd2 Rxa1 24. Rxa1 Kh7 25. e3 Rf8 26. Ra7 Qb6 27. Qa3 Nf6 28. c5 dxc5 29. bxc5 Qc7 30. Qb2 Rf7 31. Ra8 Bd5 32. Bxd5 Nxd5 33. Nc4 Re7 34. Qb3 Qd7 35. Ne5 Qc7 36. Qd3 Nf6 37. Qf1 Re8 38. Ra7 Re7 39. Qf3 Kg7 40. Nxc6 Re4 41. Ne5 Nd5 42. c6 Qd6 43. cxb7 1-0

[Event "Liechtenstein op 32nd"]
[Site "Triesen"]
[Date "2014.05.25"]
[Round "3"]
[White "Bergen, Klaus"]
[Black "Bahl, Felix"]
[Result "1/2-1/2"]
[WhiteElo "1907"]
[BlackElo "2160"]
[PlyCount "59"]
[EventDate "2014.05.23"]
[EventType "swiss"]
[EventRounds "9"]
[EventCountry "LIE"]
[SourceTitle "CBM 160 Extra"]
[Source "ChessBase"]
[SourceDate "2014.07.01"]
[SourceVersion "1"]
[SourceVersionDate "2014.07.01"]
[SourceQuality "1"]

1. e4 e6 2. d4 d5 3. e5 c5 4. Nf3 Nc6 5. c3 Qb6 6. Bd3 Bd7 7. dxc5 Bxc5 8. 0-0 f6 9. b4 Be7 10. Qe2 f5 11. Be3 Qc7 12. Bf4 Nd8 13. Be3 Nf7 14. Bd4 Ngh6 15. Nbd2 0-0 16. Nb3 b6 17. a4 g5 18. a5 g4 19. Nfd2 Ng5 20. f3 gxf3 21. Nxf3 Ne4 22. Qb2 Nf7 23. axb6 axb6 24. Rxa8 Rxa8 25. Ra1 Rxa1+ 26. Qxa1 b5 27. Qa5 Qc6 28. Qa1 Qc7 29. Qa5 Qc6 30. Qa1 1/2-1/2

[Event "Liechtenstein op 32nd"]
[Site "Triesen"]
[Date "2014.05.23"]
[Round "1"]
[White "Bergen, Klaus"]
[Black "Bezemer, Arno J"]
[Result "0-1"]
[WhiteElo "1907"]
[BlackElo "2323"]
[PlyCount "60"]
[EventDate "2014.05.23"]
[EventType "swiss"]
[EventRounds "9"]
[EventCountry "LIE"]
[SourceTitle "CBM 160 Extra"]
[Source "ChessBase"]
[SourceDate "2014.07.01"]
[SourceVersion "1"]
[SourceVersionDate "2014.07.01"]
[SourceQuality "1"]

1. e4 c5 2. Nf3 d6 3. d4 cxd4 4. Nxd4 Nf6 5. Nc3 a6 6. Be2 Nbd7 7. Be3 Qc7 8. 0-0 e6 9. f4 b5 10. a3 Bb7 11. Bd3 Be7 12. f5 e5 13. Nb3 0-0 14. Qf3 Rac8 15. Rad1 Rfe8 16. Rd2 d5 17. exd5 Bxa3 18. Ne4 Bf8 19. Nxf6+ Nxf6 20. Be4 Bb4 21. c3 Qc4 22. Bc2 Bxd5 23. Qg3 Bf8 24. h3 Ne4 25. Bxe4 Qxe4 26. Nc1 Bc4 27. Rff2 f6 28. Kh2 Red8 29. Bh6 Rxd2 30. Rxd2 Qxf5 0-1

[Event "Arco op 34th"]
[Site "Arco"]
[Date "2012.10.16"]
[Round "4"]
[White "Bergen, Klaus"]
[Black "Astengo, Corrado"]
[Result "0-1"]
[WhiteElo "1927"]
[BlackElo "2119"]
[PlyCount "48"]
[EventDate "2012.10.13"]
[EventType "swiss"]
[EventRounds "9"]
[EventCountry "ITA"]
[SourceTitle "EXT 2013"]
[Source "ChessBase"]
[SourceDate "2012.11.22"]
[SourceVersion "1"]
[SourceVersionDate "2012.11.22"]
[SourceQuality "1"]

1. e4 c5 2. Nf3 e6 3. d4 cxd4 4. Nxd4 a6 5. Nc3 b5 6. a3 Bb7 7. Bd3 Qb6 8. Nb3 Qc7 9. 0-0 Nf6 10. f4 d6 11. Qe2 Nbd7 12. Bd2 Be7 13. Rae1 e5 14. Qf3 exf4 15. Bxf4 Ne5 16. Bxe5 dxe5 17. Qg3 0-0 18. Rf5 Kh8 19. Ref1 Rad8 20. Nc1 Bc8 21. R5f3 Nh5 22. Qe1 Bg4 23. Rxf7 Rxf7 24. Rxf7 Bc5+ 0-1

[Event "Liechtenstein op 30th"]
[Site "Triesen"]
[Date "2012.05.11"]
[Round "1"]
[White "Paehtz, Thomas Sr"]
[Black "Bergen, Klaus"]
[Result "1-0"]
[WhiteElo "2438"]
[BlackElo "1938"]
[PlyCount "55"]
[EventDate "2012.05.11"]
[EventType "swiss"]
[EventRounds "9"]
[EventCountry "LIE"]
[SourceTitle "CBM 148 Extra"]
[Source "ChessBase"]
[SourceDate "2012.06.22"]
[SourceVersion "1"]
[SourceVersionDate "2012.06.22"]
[SourceQuality "1"]

1. e4 c5 2. Nf3 e6 3. d4 cxd4 4. Nxd4 Nc6 5. Nc3 a6 6. Nxc6 bxc6 7. Bd3 d5 8. 0-0 Nf6 9. Bf4 Be7 10. e5 Nd7 11. Na4 0-0 12. c4 a5 13. Rc1 Ba6 14. Re1 g6 15. cxd5 cxd5 16. Bxa6 Rxa6 17. Re3 Ra8 18. Rec3 Nb6 19. Nxb6 Qxb6 20. Rc7 Rfe8 21. R1c2 a4 22. Qf3 Ra7 23. R7c6 Qb5 24. h3 Ra6 25. Rc7 Qa5 26. Rxe7 Rxe7 27. Rc8+ Kg7 28. Be3 1-0

[Event "Bayern-chI Bank Hofmann 11th"]
[Site "Bad Wiessee"]
[Date "2007.11.10"]
[Round "1"]
[White "Strohhaeker, Raoul"]
[Black "Bergen, Klaus"]
[Result "1-0"]
[WhiteElo "2382"]
[BlackElo "1978"]
[PlyCount "83"]
[EventDate "2007.11.10"]
[EventType "swiss"]
[EventRounds "9"]
[EventCountry "GER"]
[SourceTitle "CBM 121 Extra"]
[Source "ChessBase"]
[SourceDate "2008.01.10"]
[SourceVersion "1"]
[SourceVersionDate "2008.01.10"]
[SourceQuality "1"]

1. e4 c5 2. Nf3 e6 3. d4 cxd4 4. Nxd4 Nc6 5. Nc3 a6 6. g3 Qc7 7. Bg2 Nf6 8. Nb3 b5 9. 0-0 Bb7 10. a3 d6 11. f4 Be7 12. Be3 0-0 13. g4 d5 14. exd5 Rfd8 15. Qe2 Nxd5 16. Nxd5 exd5 17. c3 Na5 18. Nxa5 Qxa5 19. Qf2 Qa4 20. Rfe1 Rac8 21. Bd4 Bd6 22. b4 Qb3 23. Bf1 Rxc3 24. Bxc3 Qxc3 25. Qb6 Qc7 26. Qxc7 Bxc7 27. Re7 Bb6+ 28. Kh1 Ba8 29. Rd1 Kf8 30. Re2 Bc7 31. f5 d4+ 32. Bg2 Bxg2+ 33. Kxg2 Bf4 34. Re4 Bg5 35. Rexd4 Rxd4 36. Rxd4 Ke7 37. Kf3 Bc1 38. Rd3 Bb2 39. Ke4 h6 40. Kd5 Kd7 41. Kc5+ Kc7 42. Rd6 1-0

[Event "Liechtenstein op 25th"]
[Site "Triesen"]
[Date "2007.05.15"]
[Round "5"]
[White "Sarmir, Milos"]
[Black "Bergen, Klaus"]
[Result "1/2-1/2"]
[WhiteElo "2159"]
[BlackElo "1961"]
[PlyCount "46"]
[EventDate "2007.05.11"]
[EventType "swiss"]
[EventRounds "9"]
[EventCountry "LIE"]
[SourceTitle "CBM 118 Extra"]
[Source "ChessBase"]
[SourceDate "2007.07.04"]
[SourceVersion "1"]
[SourceVersionDate "2007.07.04"]
[SourceQuality "1"]

1. e4 c5 2. Nf3 e6 3. d4 cxd4 4. Nxd4 Nc6 5. Be3 Nf6 6. Nxc6 bxc6 7. Bd3 d5 8. e5 Nd7 9. f4 g6 10. 0-0 Bg7 11. Nd2 a5 12. a4 Ba6 13. Bxa6 Rxa6 14. Nb3 0-0 15. Kh1 Re8 16. Qd3 Ra8 17. Qc3 Qc7 18. Nc5 Nxc5 19. Bxc5 Bf8 20. b4 axb4 21. Qxb4 Bxc5 22. Qxc5 Ra5 23. Qa3 Rea8 1/2-1/2

[Event "Graz op"]
[Site "Graz"]
[Date "2006.09.16"]
[Round "1"]
[White "Schuurman, Petra"]
[Black "Bergen, Klaus"]
[Result "1-0"]
[WhiteElo "2219"]
[BlackElo "1997"]
[PlyCount "77"]
[EventDate "2006.09.16"]
[EventType "swiss"]
[EventRounds "9"]
[EventCountry "AUT"]
[SourceTitle "CBM 114 Extra"]
[Source "ChessBase"]
[SourceDate "2006.11.03"]
[SourceVersion "1"]
[SourceVersionDate "2006.11.03"]
[SourceQuality "1"]

1. d4 Nf6 2. c4 g6 3. Nc3 Bg7 4. e4 d6 5. Be2 0-0 6. Nf3 e5 7. Be3 c6 8. 0-0 exd4 9. Nxd4 Re8 10. f3 d5 11. cxd5 cxd5 12. Qb3 Nc6 13. Rfd1 Qa5 14. Ncb5 dxe4 15. Bc4 Ne5 16. Nd6 Rf8 17. N4b5 Nxc4 18. Nxc4 Qa6 19. Rd6 b6 20. Nc7 Qb7 21. Nxa8 Qxa8 22. Bd4 Be6 23. Qc3 Nh5 24. Bxg7 Nxg7 25. Ne3 exf3 26. g3 Nf5 27. Nxf5 Bxf5 28. Rad1 f2+ 29. Kxf2 Bh3 30. Qc6 Qb8 31. a3 Rc8 32. Qd5 Rc2+ 33. Rd2 Qc7 34. Rd8+ Kg7 35. Qd6 Rxd2+ 36. Qxd2 Qc6 37. Qc3+ Qxc3 38. bxc3 Be6 39. Ra8 1-0

[Event "Vienna op-A 15th"]
[Site "Vienna"]
[Date "2006.08.05"]
[Round "8"]
[White "Zojer, Stefan"]
[Black "Bergen, Klaus"]
[Result "1-0"]
[WhiteElo "2118"]
[BlackElo "1997"]
[PlyCount "47"]
[EventDate "2006.07.29"]
[EventType "swiss"]
[EventRounds "9"]
[EventCountry "AUT"]
[SourceTitle "CBM 113 Extra"]
[Source "ChessBase"]
[SourceDate "2006.09.14"]
[SourceVersion "1"]
[SourceVersionDate "2006.09.14"]
[SourceQuality "1"]

1. d4 Nf6 2. c4 g6 3. Nc3 Bg7 4. e4 d6 5. f3 0-0 6. Be3 e5 7. Nge2 c6 8. Qd2 exd4 9. Nxd4 Re8 10. 0-0-0 d5 11. cxd5 cxd5 12. Nb3 Nc6 13. Nxd5 Be6 14. Bc4 Rc8 15. Kb1 a6 16. Bb6 Bxd5 17. Bxd8 Bxc4 18. Bb6 Bxb3 19. axb3 Bf8 20. Qf2 Nb4 21. Bd4 Bg7 22. Bc3 Nc6 23. Rd6 Re6 24. Rhd1 1-0